000 00652nam a2200229Ia 4500
003 OSt
005 20220927104736.0
006 a|||||r|||| 00| 0
007 ta
008 220926b |||||||| |||| 00| 0 eng d
024 _a147120
037 _cReference Collections
040 _aRTL
_cRTL
_beng
041 _2eng
_aeng
082 _a"X9(JB).243.N8, M7/GD"
110 _a"Punjab, Economic adviser"
245 0 _aPerformance of afforestation schemes in Punjab
260 _c1987
700 _a"Punjab, Economic adviser"
942 _h"X9(JB).243.N8, M7/GD"
_cCC
999 _c688465
_d688465